000 02571cam a22005654i 4500
003 PE-LiUPU
005 20250731165614.0
008 150706s2012 sp a r 000 0 d
020 _a9788420609522
035 _a(Sirsi) i9788420609522
040 _aPE-LiUPU
_bspa
_cPE-LiUPU
_erda
049 _aPRUA
082 0 4 _a027
_bC88
_221
100 1 _aCruz Mundet, José Ramón,
_eautor.
245 1 0 _aArchivística :
_bgestión de documentos y administración de archivos /
_cJosé Ramón Cruz Mundet.
264 1 _aMadrid :
_bAlianza Editorial,
_c2012.
300 _a359 páginas :
_bilustraciones ;
_c24 cm.
336 _atext
_2rdacontent
337 _aunmediated
_2rdamedia
338 _avolume
_2rdacarrier
504 _aIncluye bibliografía.
505 0 _aHistoria de la archivística -- Los conceptos de documentos y de archivo -- La archivística: una ciencia emergente -- Las ciencias auxiliares de la Archivística -- El archivo en sus primeras fases -- El archivo intermedio -- El archivo histórico y la función cultural de los archivos -- Los sistemas archivística -- El ingreso de los documentos -- La clasificación -- La descripción -- El expurgo de los documentos: valoración, selección y eliminación -- El acceso a la información y los archivos -- El edificio y las instalaciones.
526 _aSEG44
526 _aSEG26
526 _aP151
526 _aP150
526 _aP149
526 _aP146
526 _aP145
526 _aP126
526 _aP125
526 _aP92
526 _aP75
526 _aP74
526 _aP27
526 _aP15
541 _g001-0036576;
541 _g181-0058231;
650 1 4 _aArchivistica.
650 2 4 _aArchivos de oficina
_xOrganizacion.
650 2 4 _aArchiveros.
910 _agl
_bjv
_cng
_d20121212
942 _2ddc
_cBOOK
949 _a027 C88
_wDEWEY
_c1
_i65948
_lCCODEBUL1
_mBUL
_p44.00
_r0
_sY
_tBOOK
_u2015-7-6
_xFCE
_zAGB
_o.STAFF. Colección General
949 _a027 C88
_wDEWEY
_c2
_i67620
_lCCODEBUL1
_mBUL
_p22.00
_r0
_sY
_tBOOK
_u2015-7-6
_xFCE
_zAGB
_o.STAFF. Colección General
994 _aC0
_bPEPRU
596 _a1
999 _a027 C88
_wDEWEY
_c54322
_i65948
_f2021-11-9
_g7
_lCCODEBUL1
_mBUL
_p44.00
_r0
_sY
_tBOOK
_u2015-7-6
_xBIBLIOTECA
_zAGB
_0COMPRA
_o.STAFF. Colección General
_d54322
999 _a027 C88
_wDEWEY
_c2
_i67620
_f2021-11-4
_g6
_lCCODEBUL1
_mBUL
_p22.00
_r0
_sY
_tBOOK
_u2015-7-6
_xBIBLIOTECA
_zAGB
_0COMPRA
_o.STAFF. Colección General
980 _81
_gALBERTO SANCHEZ Responsable de Automatización